Vierer Paare # 2 - Statistiken

Allgemein
  • Dieses Quiz wurde 341 mal gespielt
  • Das Durchschnittsergebnis liegt bei 9 aus 9
Antwortstatistiken
Hint Antwort % Korrekt
Morgen, Mittag, Nachmittag Abend
100%
Rot, Blau, Grün Gelb
100%
Vorwärts, Rückwärts, Links, Rechts
100%
Mutter, Vater, Sohn Tochter
100%
Norden, Osten, Süden, Westen
100%
Sekunde, Minute, Stunde, Tag
97%
Addition, Subtraktion, Multiplikation, Division
95%
Erde, Wasser, Luft Feuer
95%
Alt, Tenor, Bass Sopran
69%
Keine übereinstimmenden Quizze gefunden
Verteilung der Resultate
Anzahl Personen mit jedem Resultat
Perzentil nach korrekt beantworteten Fragen
Ihre Resultats-Entwicklung
Sie haben dieses Quiz noch nicht gespielt